सरकती रेत / (Record no. 36750)

MARC details
000 -LEADER
fixed length control field 01012nam a22002537a 4500
005 - DATE AND TIME OF LATEST TRANSACTION
control field 20100629141657.0
008 - FIXED-LENGTH DATA ELEMENTS--GENERAL INFORMATION
fixed length control field 100629t xxu||||| |||| 00| 0 hin d
010 ## - LCCN (DPL NO)
LC control number HIN-89560
020 ## - INTERNATIONAL STANDARD BOOK NUMBER
International Standard Book Number 9789350002179
Terms of availability 295.00
035 ## - SYSTEM CONTROL NUMBER
System control number HN-61906
037 ## - SOURCE OF ACQUISITION
Source of stock number/acquisition DBAD / PUB
040 ## - CATALOGING SOURCE
Original cataloging agency DPL
Language of cataloging HN
082 ## - DEWEY DECIMAL CLASSIFICATION NUMBER
Classification number
100 ## - MAIN ENTRY--PERSONAL NAME
Personal name नीलम शंकर
9 (RLIN) 21253
245 ## - TITLE STATEMENT
Title सरकती रेत /
Statement of responsibility, etc नीलम शंकर
246 ## - VARYING FORM OF TITLE
Title proper/short title Sarakati Ret/
Remainder of title by Neelam Shankar
260 ## - PUBLICATION, DISTRIBUTION, ETC. (IMPRINT)
Place of publication, distribution, etc नई दिल्ली
Name of publisher, distributor, etc वाणी प्रकाशन
Date of publication, distribution, etc 2010
270 ## - ADDRESS
Address 4695, 21-ए, दरियागंज
City नई दिल्ली
Postal code 110002
300 ## - PHYSICAL DESCRIPTION
Extent 200पृ
Dimensions 22सेमी (सजिल्द)
650 ## - SUBJECT ADDED ENTRY--TOPICAL TERM
Topical term or geographic name as entry element लघु कथाएँ, हिन्दी
9 (RLIN) 1169
650 ## - SUBJECT ADDED ENTRY--TOPICAL TERM
Topical term or geographic name as entry element Sort Stories, Hindi
9 (RLIN) 21254
942 ## - ADDED ENTRY ELEMENTS (KOHA)
Source of classification or shelving scheme Dewey Decimal Classification
Item type Hindi Books
Classification part
Call number suffix नीलम
Holdings
Withdrawn status Lost status Source of classification or shelving scheme Damaged status Not for loan Collection code Home library Current library Date acquired Source of acquisition Cost, normal purchase price Total Checkouts Full call number Barcode Date last seen Copy number Cost, replacement price Koha item type
    Dewey Decimal Classification   Not For Loan Fiction D.B.Act.Division D.B.Act.Division 29/06/2010 DBAD / PUB 295.00   क नीलम HN-61906 29/06/2010 1 295.00 Hindi Books

© Delhi Public Library
Hit Counter
free hit counter